La Pubertat normal / pel Dr. Leandre Cervera
Descripción Física:
32, 54 p. ; 22 cm
Colección:
Monografies mèdiques ; 73
Materias:
Pubertat
MARC
| LEADER | 00000nam a2200000Ia 4500 | ||
|---|---|---|---|
| 001 | 9809 | ||
| 008 | 160829s1933 xx 000 0 cat d | ||
| 080 | |a C-2-116 | ||
| 100 | |a Cervera i Astor, Leandre |9 20179 | ||
| 245 | |a La Pubertat normal / pel Dr. Leandre Cervera | ||
| 260 | |a Barcelona : |b (Tip. Cosmos), |c 1933 | ||
| 300 | |a 32, 54 p. ; |c 22 cm | ||
| 490 | |a Monografies mèdiques ; 73 | ||
| 650 | |a Pubertat |9 20180 | ||
| 901 | |a Arxiu | ||
| 942 | |n 1 | ||
| 952 | |0 0 |1 0 |4 0 |6 C2116 |7 1 |9 41477 |a Arxiu |b Arxiu |d 2016-12-01 |l 0 |o C-2-116 |p 9809 |r 2016-12-01 00:00:00 |w 2016-12-01 |y ARXIU | ||
| 999 | |c 43285 |d 43285 | ||